Strategjia e turizmit : (Record no. 283)
[ view plain ]
| 000 -LEADER | |
|---|---|
| fixed length control field | 00586nam a22002057a 4500 |
| 008 - FIXED-LENGTH DATA ELEMENTS--GENERAL INFORMATION | |
| fixed length control field | 131112b xxu||||| |||| 00| 0 alb d |
| 020 ## - INTERNATIONAL STANDARD BOOK NUMBER | |
| International Standard Book Number | 9789994340897 |
| 041 0# - LANGUAGE CODE | |
| Language code of text/sound track or separate title | alb |
| 080 ## - UNIVERSAL DECIMAL CLASSIFICATION NUMBER | |
| Universal Decimal Classification number | 338.48 |
| Common auxiliary subdivision | (075.8) |
| 100 1# - Rafti | |
| Rafti | Gorica, Klodiana |
| 245 10 - TITLE STATEMENT | |
| Title | Strategjia e turizmit : |
| Statement of responsibility, etc | Klodiana Gorica, Fioralba Vela |
| 260 ## - | |
| -- | Tiranë : |
| -- | Pegi ; |
| -- | 2007. |
| 300 ## - | |
| -- | 431 f. : |
| -- | 24 cm. |
| 500 ## - | |
| -- | Parathënie : f.1 |
| 505 ## - | |
| -- | Literatura : f. 429-431 |
| 650 #0 - | |
| -- | Turizmi |
| 650 #0 - | |
| -- | Tregëtia turistike |
| 700 1# - | |
| -- | Vela, Fioralba |
| 942 ## - ADDED ENTRY ELEMENTS (KOHA) | |
| Source of classification or shelving scheme | |
| Item type | Books |
| Withdrawn status | Lost status | Source of classification or shelving scheme | Damaged status | Not for loan | Collection code | Permanent location | Current location | Shelving location | Date acquired | Total Checkouts | Full call number | Barcode | Date last seen | Koha item type |
|---|---|---|---|---|---|---|---|---|---|---|---|---|---|---|
| Koleksioni i përgjithshem | UBT - Prishtine | UBT - Prishtine | Koleksioni i përgjithshem | 11/12/2013 | 338.48 (075.8) GOR | 001-000342 | 11/12/2013 | Books | ||||||
| Koleksioni i përgjithshem | UBT - Prishtine | UBT - Prishtine | Koleksioni i përgjithshem | 11/12/2013 | 338.48 (075.8) GOR | 001-000343 | 11/12/2013 | Books | ||||||
| Koleksioni i përgjithshem | UBT - Prishtine | UBT - Prishtine | Koleksioni i përgjithshem | 11/12/2013 | 338.48 (075.8) GOR | 001-000344 | 11/12/2013 | Books | ||||||
| Koleksioni i përgjithshem | UBT - Prishtine | UBT - Prishtine | Koleksioni i përgjithshem | 11/12/2013 | 338.48 (075.8) GOR | 001-000345 | 11/12/2013 | Books |